00962nam a22001937a 4500003000900000008004100009040007100050082002100121245009800142260005200240300002800292440006600320505023400386650002400620650001300644700004300657700004500700700002300745AR-CdUCM190425b ||||| |||| 00| 0 spa d aMUNICIPALIDAD PROVINCIAL DEL CUSCOcBIBLIOTECA MUNICIPAL DEL CUSCO aKosko/N°23/1924 aKosko revista libre /cLuis Felipe Paredes. Director. Roberto Latorre. Fundador y propietario aCusco.bTalleres tipográficos trabajo,c1924. a12 páginas. :c26 cm. aKosko revista libre.nAño I, N°23, 30 de noviembre de1924. aContenido: Al rededor de una iniciativa. -- La dirección. -- El monumento a candamo. -- Lima a vuelo de condor. -- El vital elemento. -- De como Jesús insulto a un tuerto. -- El pintor Pantigoso en Buenos Aires. -- Poesías. aHistorias del Cusco aSiglo XX aBarrionuevo Navarro, LeandroeDirector aBarrionuevo Sánchez, ArmandoeDirector aRevista cusqueña